00517nam a2200181Ia 4500008004100000020001800041082000800059100002200067245004500089250000600134260002900140300001800169500002400187650001000211942000700221952009000228999001700318230524s9999 xx 000 0 und d a9788121900034 bSHE aM.S.Shetty942510 0aConcrete Technology: Theory and Practice a7 aNew DelhibS.Chandc2015 a"XXVII,660p;" aQuantity Number: 1 aCivil cBK 00104070aTATCLbTATCLcGENd2023-05-24l0o SHEp53987r2023-05-24w2023-05-24yBK c56941d56941